Nájomné bývanie v Tatranskej Lomnici

Salvato in:
Dettagli Bibliografici
Autore principale: Svitok, Daniel (Autore)
Altri autori: Selcová, Ľubica (Relatore della tesi)
Natura: Manoscritto Libro
Lingua:slovacco
Pubblicazione: 2025
Soggetti:
Accesso online:http://is.stuba.sk/zp/portal_zp.pl?podrobnosti=185950
Tags: Aggiungi Tag
Nessun Tag, puoi essere il primo ad aggiungerne!!

MARC

LEADER 00000ntm a22000003a 4500
001 stuzp104710
003 SK-STU
005 20250607210735.4
007 ta
008 150427s2015----xo-----f-mn---000-0-slo-d
040 |a STU  |b slo 
041 0 |a slo 
100 1 |a Svitok, Daniel  |u 051110  |4 aut  |U FAD Fakulta architektúry a dizajnu  |T FAD Ústav architektúry obytných budov  |X 99299  |U A1110  |Y 392  |7 99299 
242 0 1 |a RENTAL HOUSING IN TATRANSKA LOMNICA  |y eng 
245 1 0 |a Nájomné bývanie v Tatranskej Lomnici 
260 |c 2025 
650 4 |a traditional form  |2 eng 
650 4 |a rental housing  |2 eng 
650 4 |a mountain architecture  |2 eng 
650 4 |a nájomné bývanie  |2 slo 
650 4 |a tradičná forma  |2 slo 
650 4 |a horská architektúra  |2 slo 
700 1 |a Selcová, Ľubica  |u 051110  |k Z1  |4 ths  |U FAD Fakulta architektúry a dizajnu  |T FAD Ústav architektúry obytných budov  |X 4198  |U A1110  |Y 392  |7 A000004198 
856 4 |u http://is.stuba.sk/zp/portal_zp.pl?podrobnosti=185950